| 000 | 00666nam a22002057a 4500 | ||
|---|---|---|---|
| 999 |
_c16106 _d16106 |
||
| 003 | AR-CdUCM | ||
| 008 | 190223b ||||| |||| 00| 0 spa d | ||
| 040 |
_aMUNICIPALIDAD PROVINCIAL DEL CUSCO _cBIBLIOTECA MUNICIPAL DEL CUSCO |
||
| 082 |
_a328.8 / _bB38 |
||
| 100 |
_aBenavides Correa, Alfonso _91699 |
||
| 245 | _aRecuerda peruano / | ||
| 260 |
_aLima : _bIndustrial Gráfica, _c1969. |
||
| 300 |
_a562 páginas ; _c18.5 cm. |
||
| 505 | _aContenido : Nuestra palabra -- Futuro paladín -- Primer discurso ... | ||
| 650 |
_aLa reforma agraria _935390 |
||
| 650 |
_aSociologia _9276 |
||
| 650 |
_aSiglo XX _98 |
||
| 942 |
_2ddc _cLIBROS |
||
| 945 |
_arah _d02/05/2019 |
||